| 000 | 01024cam a2200229 a 4500 | ||
|---|---|---|---|
| 001 | vtls003051879 | ||
| 003 | MY-SjTCS | ||
| 005 | 20200306170310.0 | ||
| 008 | 110218r19991997ctua b 001 0 eng d | ||
| 020 | _a0275966941 (pbk.) | ||
| 039 | 9 |
_a201209041148 _bizani _c201102181700 _dVLOAD _c200704111334 _dpushpa _y200704101912 _zmalathy |
|
| 082 | 0 | 4 |
_a174 _bKIE |
| 100 | 1 |
_aKieran, Matthew, _d1968- _9282919 |
|
| 245 | 1 | 0 |
_aMedia ethics : _ba philosophical approach / _cMatthew Kieran. |
| 260 |
_aWestport, Conn. : _bPraeger, _cc1999. |
||
| 300 |
_aix, 168 p. ; _c24 cm. |
||
| 500 | _a"First published in 1997"--T.p. verso. | ||
| 504 | _aIncludes bibliographical references (p. [153]-160) and index. | ||
| 505 | 0 | _a1. Media ethics?- 2. News and the Fourth Estate - 3. Impartiality as a regulative ideal - 4. Deceit, lies, and privacy - 5. Sex and sexuality in the media - 6. Violence in the media - 7. Harm, offense, and media censorship. | |
| 650 | 0 |
_aMass media _xMoral and ethical aspects. _910455 |
|
| 920 | _aSOC : 203326 | ||
| 999 | _c61369 | ||